City Countdown - Brazil - Statistics

General Stats
  • This quiz has been taken 8 times
  • The average score is 8 of 10
Answer Stats
Rank City % Correct
#2 Rio de Janeiro
88%
#1 São Paulo
88%
#3 Belo Horizonte
75%
#4 Brasilia
75%
#10 Campinas
75%
#9 Curitiba
75%
#5 Porto Alegre
75%
#6 Recife
75%
#7 Fortaleza
63%
#8 Salvador
63%
No matching quizzes found
Score Distribution
Percent of People with Each Score
Percentile by Number Answered
Your Score History
You have not taken this quiz